1854 1664 1576 1589 1340 1615 1747 1967 1097 1310 1998 1610 1596 1776 1245 1474 1470 1983 1560 1148 1573 1274 1288 1797 1406 1225 1490 1929 1420 1298 1996 1763 1910 1511 1318 1370 1423 1210 1885 1097 1114 1695 1158 1691 1328 1243 1762 1789 1753 1141 1960 1962 1155 1093 1178 1331 1514 1898 1650 1250 1579 1302 1501 1011 1390 1325 1664 1732 1457 1860 1016 1929 1216 1202 1415 1845 1947 1334 1237 1701 1499 1978 1311 1983 1535 1404 1032 1082 1159 1115 1737 1569 1106 1129 1249 1972 1856 1912 1658 BCNSPRNW ULIB Ver.6.0+V

เปลี่ยนเป็นภาษาไทย

Change to English
 แสดงรายละเอียดบรรณานุกรม
  กลับหน้าหลัก

Brief Record : Get Marc (ISO 2709) : E-mail record : QR code < ปิดหน้าต่าง
LEADER : 00000nam 2200000uu 4500
001    13399123819
003     ULIB
008    141202s2557||||th 000 0 tha d
020    ^a9786162711688
060 04 ^aWI529^bม435
110 1  มหาวิทยาลัยสงขลานครินทร์.^bคณะแพทยศาสตร์.
245 00 ^aมาตรฐานการรักษามะเร็งลำไส้ใหญ่และไส้ตรง: วจนแห่งศิลป์ =^bState-of-the-Art: Standard of Care for Colorectal Cancer /^cบรรณาธิการ, ธีรนุช บุญพิพัฒนาพงศ์, สมพร วรรณวงศ์.
246 31 ^aState-of-the-Art: Standard of Care for Colorectal Cancer
250    ^aพิมพ์ครั้งที่ 1.
260    ^aสงขลา :^bหน่วยผลิตำตรา คณะแพทยศาสตร์ มหาวิทยาลัยสงขลานครินทร์,^c2557.
300    ^a214 หน้า :^bภาพประกอบ ;^c21 ซม.
650  7 ^aลำไส้ใหญ่เรคตัม, เนื้องอก^xการรักษา
650  7 ^aลำไส้ใหญ่, เนื้องอก^xการรักษา
650  0 ^aลำไส้ใหญ่^xมะเร็ง^xการรักษา
650  0 ^aลำไส้ใหญ่โคลอน, เนื้องอก^xการรักษา
700 0  ^aธีรนุช บุญพิพฒนาพงศ์,^eบรรณาธิการ
700 0  ^aสมพร วรรณวงศ์,^eบรรณาธิการ
945    ^p290^l0^i22233
945    ^p290^l0^i22234
945    ^p290^l0^i22235
999    ^aทศพร เกษรทอง
รายการนี้ยังไม่มีแท็ก
คุณยังไม่ได้ล็อกอิน คุณสามารถมีกิจกรรมร่วมกับเว็บไซต์ได้ แต่ต้องล็อกอินก่อน ::
  ล็อกอิน

รายการสื่อสารสนเทศ

ลำดับที่ ประเภท เลขเรียก/บาร์โค้ด สถานที่ สถานะ
1. วิทยาศาสตร์การแพทย์ และสุขภาพ
วิทยาศาสตร์การแพทย์ และสุขภาพ
สถานะ=หนังสือเก่า
WI529 ม435 ฉ.1 
  Barcode: 22233
ห้องสมุดวิทยาเขตนครสวรรค์
►ส่วนจัดเก็บหนังสือเก่า นว.
บนชั้น
  ขอยืม
2. วิทยาศาสตร์การแพทย์ และสุขภาพ
วิทยาศาสตร์การแพทย์ และสุขภาพ
สถานะ=หนังสือเก่า
WI529 ม435 ฉ.2 
  Barcode: 22234
ห้องสมุดวิทยาเขตนครสวรรค์
►ส่วนจัดเก็บหนังสือเก่า นว.
บนชั้น
  ขอยืม
3. วิทยาศาสตร์การแพทย์ และสุขภาพ
วิทยาศาสตร์การแพทย์ และสุขภาพ
สถานะ=หนังสือเก่า
WI529 ม435 ฉ.3 
  Barcode: 22235
ห้องสมุดวิทยาเขตนครสวรรค์
►ส่วนจัดเก็บหนังสือเก่า นว.
บนชั้น
  ขอยืม

BibComment


ยังไม่เคยถูกคอมเมนท์

คอมเมนท์ทรัพยากรรายการนี้
  คอมเมนท์: มาตรฐานการรักษาม..


 Copyright 2026. Bcnsprnw @Library